Najbardziej znane odmiany jabłek dostępne w Polsce - Statystyki

Ogólne statystyki
  • Ten quiz został rozwiązany 10 razy
  • Średni wynik to 4 z 18
Statystyki odpowiedzi
Hint Odpowiedź % Poprawnych
2 Jonagold
90%
5 Ligol
70%
6 Idared
60%
10 Antonówka
50%
1 Gala
50%
4 Golden Delicious
30%
16 Cortland
20%
8 Mutsu
20%
12 Jonathan
10%
7 Red Delicious
10%
9 Red Delicious
10%
15 Złota Reneta
10%
18 Fuji
0%
11 Gravenstein
0%
14 Korsówka
0%
17 Panda
0%
3 Szampan
0%
13 Wiesiołek
0%
Nie znaleziono quizów pasujących do podanych kryteriów
Rozkład punktacji
Procent ludzi z każdym wynikiem
Percentyl według liczby udzielonych odpowiedzi
Twoja historia wyników
Nie rozwiązałeś tego quizu